Cultural diversity in trade unions : a challenge to class identity? /

Bibliographic Details
Other Authors: Wets, Johan
Format: Book
Language:English
Published: Aldershot, Hants, England ; Burlington, Vt., USA : Ashgate, [2000]
Subjects:

MARC

Tag First Indicator Second Indicator Subfields
LEADER 00000cam a2200000 a 4500
001 in00001566021
005 20151022085731.0
008 000923s2000 enka b 000 0 eng d
010 |a  00131671  
015 |a GBA0-Z1649 
020 |a 1840145269 
035 |a (OCoLC)ocm43500497 
040 |a UKM  |c DLC  |d UKM  |d C#P  |d OCL  |d TXA  |d UtOrBLW 
042 |a lccopycat 
043 |a e------ 
049 |a TXAM 
050 0 0 |a HD6490.R22  |b E85 2000 
082 0 0 |a 331.88/094  |2 21 
245 0 0 |a Cultural diversity in trade unions :  |b a challenge to class identity? /  |c edited by Johan Wets. 
264 1 |a Aldershot, Hants, England ;  |a Burlington, Vt., USA :  |b Ashgate,  |c [2000] 
264 4 |c ©2000 
300 |a xii, 238 pages :  |b illustrations ;  |c 23 cm. 
336 |a text  |b txt  |2 rdacontent 
337 |a unmediated  |b n  |2 rdamedia 
338 |a volume  |b nc  |2 rdacarrier 
504 |a Includes bibliographical references. 
650 0 |a Minority labor union members  |z Europe. 
650 0 |a Labor unions  |z Europe. 
650 0 |a Immigrants  |z Europe. 
700 1 |a Wets, Johan. 
948 |a cataloged  |b h  |c 2000/11/16  |d c  |e jspillan  |f 3:10:20 pm 
994 |a E0  |b TXA 
999 |a MARS 
999 f f |s c9bb13ec-0f2d-3002-b49f-998b378efa9e  |i 234c13ee-8646-371a-bca8-10037542ec68  |t 0 
952 f f |p ric  |a Texas A&M University  |b Rellis Campus  |c Joint Library Facility  |d Remote Storage  |t 0  |e HD6490.R22 E85 2000  |h Library of Congress classification  |i unmediated -- volume  |m A14826630553 
998 f f |a HD6490.R22 E85 2000  |t 0  |l Remote Storage